Φορτώνει......

Management information systems

Λεπτομέρειες βιβλιογραφικής εγγραφής
Κύριος συγγραφέας: Oz, Etty
Μορφή: Printed Book
Γλώσσα:Undetermined
English
Έκδοση: Australia Course Technology 2000
Έκδοση:2
LEADER 00548nam a2200181Ia 4500
008 140306s9999 xx 000 0 und d
020 |a 0760010919 
041 |a eng 
082 |a 658.403  |b OZE/MA 
100 |a Oz, Etty 
245 |a Management information systems 
250 |a 2 
260 |a Australia  |b Course Technology  |c 2000 
300 |a 688 
365 |b Rs. 1227 
942 |2 ddc  |c BK 
999 |c 179438  |d 179438 
952 |0 0  |1 0  |2 ddc  |4 0  |6 658_403000000000000_OZE_MA  |7 0  |9 184571  |a KAUCBV  |b KAUCBV  |d 2004-03-02  |g 1227.00  |o 658.403 OZE/MA  |r 2014-03-22  |w 2014-03-22  |y BK